000 00520nam a2200181Ia 4500
005 20250326141852.0
008 250326s9999 xx 000 0 und d
037 _aTextbook
040 _aFMSL
_beng
_cFMSL
041 _aeng
_2eng
084 _aX:75 M8
_qFMSL
100 _aTaneja M L
_9737935
245 0 _aEconomics of development and planning
_cTaneja M L; Sharma L R
260 _aDelhi
_bDelhi, Shoban Lal Nagin Chanki
_c1988
300 _a793p
942 _cTB
_hX:75 M8
999 _c1292366
_d1292366